[Event "BRA-ch Amateurs U1700"]
[Site "Sao Paulo"]
[Date "2024.05.30"]
[Round "1"]
[White "De Carvalho, Guilherme"]
[Black "Scardini, Leonardo"]
[Result "0-1"]
[WhiteElo "1694"]
[BlackElo "1546"]
[PlyCount "92"]
[EventDate "2024.05.30"]
[EventType "swiss"]
[EventRounds "7"]
[EventCountry "BRA"]
[SourceTitle "CB23_2024"]
[SourceDate "2024.06.05"]
[SourceVersion "1"]
[SourceVersionDate "2024.06.05"]
[SourceQuality "1"]

1. d4 d5 2. e3 e6 3. Bd3 Nf6 4. f4 c5 5. c3 Qc7 6. Nf3 Nbd7 7. 0-0 Be7 8. Nbd2 0-0 9. Qc2 c4 10. Be2 b5 11. Ne5 Bb7 12. Bf3 a5 13. Re1 b4 14. e4 dxe4 15. Bxe4 Rfe8 16. Nxd7 Qxd7 17. Bxb7 Qxb7 18. Nxc4 Nd5 19. Rb1 Qc7 20. cxb4 Bxb4 21. Rf1 Bd6 22. g3 Rab8 23. b3 Bb4 24. f5 Nc3 25. Rb2 Nd5 26. Qe4 Nf6 27. Qf3 Rbc8 28. Bf4 Qc6 29. Qxc6 Rxc6 30. fxe6 Rcxe6 31. Ne5 Bc3 32. Re2 Bxd4+ 33. Kg2 Bxe5 34. Bd2 Bc7 35. Ref2 Re2 36. Bf4 Bxf4 37. gxf4 Nd5 38. Rd1 Rxf2+ 39. Kxf2 Nxf4 40. Kf3 Ne6 41. Rd5 Ra8 42. a3 h6 43. b4 axb4 44. axb4 Rb8 45. b5 Rxb5 46. Rxb5 Nd4+ 0-1

[Event "Florianopolis op 10th"]
[Site "Florianopolis"]
[Date "2024.01.20"]
[Round "1"]
[White "Scardini, Leonardo"]
[Black "Cerrato, Alex"]
[Result "0-1"]
[WhiteElo "1246"]
[BlackElo "1884"]
[PlyCount "68"]
[EventDate "2024.01.20"]
[EventType "swiss"]
[EventRounds "10"]
[EventCountry "BRA"]
[SourceTitle "CB05_2024"]
[SourceDate "2024.01.31"]
[SourceVersion "1"]
[SourceVersionDate "2024.01.31"]
[SourceQuality "1"]

1. d4 d5 2. c4 e5 3. e3 exd4 4. exd4 dxc4 5. Bxc4 Qe7+ 6. Qe2 Nc6 7. Nf3 Qxe2+ 8. Bxe2 Bg4 9. Be3 0-0-0 10. Nbd2 Bb4 11. 0-0 Bxd2 12. Bxd2 Bxf3 13. Bxf3 Nxd4 14. Bg4+ f5 15. Bd1 Ne2+ 16. Bxe2 Rxd2 17. Bc4 g6 18. Rfe1 Nf6 19. b4 Re8 20. Rxe8+ Nxe8 21. Be6+ Kd8 22. Bb3 Nd6 23. f3 f4 24. Rd1 Rxd1+ 25. Bxd1 Ke7 26. Be2 Kf6 27. g3 Ke5 28. Kf2 Nf5 29. Bd1 Nd4 30. a4 g5 31. g4 Kd5 32. Ke1 Kc4 33. b5 Kd3 34. Kf2 Kd2 0-1

[Event "Caioba op 7th"]
[Site "Caioba"]
[Date "2023.06.19"]
[Round "3"]
[White "Serafim Junior, Arnor"]
[Black "Scardini, Leonardo"]
[Result "1-0"]
[WhiteElo "1697"]
[BlackElo "1262"]
[PlyCount "67"]
[EventDate "2023.06.18"]
[EventType "swiss"]
[EventRounds "9"]
[EventCountry "BRA"]
[SourceTitle "CBM 214 Extra"]
[Source "ChessBase"]
[SourceDate "2023.07.31"]
[SourceVersion "1"]
[SourceVersionDate "2023.07.31"]
[SourceQuality "1"]

1. c4 c5 2. Nc3 Nc6 3. g3 g6 4. Bg2 Bg7 5. Nf3 e5 6. 0-0 d6 7. d3 Nge7 8. a3 a6 9. Rb1 0-0 10. e3 Be6 11. Ng5 d5 12. Nxe6 fxe6 13. Qg4 Qd6 14. Bh3 d4 15. Ne4 Qd7 16. Nxc5 Qc8 17. Nxe6 h5 18. Qe2 Rf6 19. Ng5 Qc7 20. e4 Raf8 21. f4 Nd8 22. Bd2 Bh6 23. fxe5 Rxf1+ 24. Rxf1 Qxe5 25. Nf3 Qg7 26. Bxh6 Qxh6 27. Nxd4 Qg7 28. Rxf8+ Kxf8 29. Qf2+ Kg8 30. b4 Nec6 31. Nxc6 Nxc6 32. Be6+ Kh7 33. Qf7 Qxf7 34. Bxf7 1-0

[Event "BRA-ch Regional Sul"]
[Site "Lages"]
[Date "2019.10.19"]
[Round "4"]
[White "Scardini, Leonardo"]
[Black "De Souza, Jean Willy"]
[Result "1-0"]
[WhiteElo "1266"]
[BlackElo "1778"]
[PlyCount "113"]
[EventDate "2019.10.18"]
[EventType "swiss"]
[EventRounds "5"]
[EventCountry "BRA"]
[SourceTitle "CBM 195 Extra"]
[Source "ChessBase"]
[SourceDate "2020.05.31"]
[SourceVersion "1"]
[SourceVersionDate "2020.05.31"]
[SourceQuality "1"]

1. d4 d5 2. c4 c6 3. e3 Bf5 4. Nc3 Nf6 5. Nf3 Nbd7 6. Bd3 Bxd3 7. Qxd3 e6 8. a3 Be7 9. 0-0 0-0 10. b3 Rc8 11. Re1 b6 12. cxd5 cxd5 13. Bb2 Re8 14. Rac1 Nf8 15. Ne5 N6d7 16. f4 f6 17. Nf3 g6 18. a4 Bb4 19. Rf1 Bxc3 20. Rxc3 Rxc3 21. Qxc3 Nb8 22. Rc1 Qd7 23. Ba3 h6 24. Nd2 g5 25. Qc7 Na6 26. Qc6 Rd8 27. g3 Ng6 28. Nf3 Kf7 29. h3 Ne7 30. Qxd7 Rxd7 31. Nh2 gxf4 32. gxf4 f5 33. Nf3 Ng6 34. Kh2 Kf6 35. h4 h5 36. Ng5 Rc7 37. Rxc7 Nxc7 38. Bd6 Ne8 39. Be5+ Nxe5 40. fxe5+ Ke7 41. Kg3 a6 42. b4 b5 43. a5 Ng7 44. Kf4 Kf8 45. Nh3 Kg8 46. Kg5 Kf7 47. Nf4 Ke7 48. Nxh5 Ne8 49. Kg6 Kf8 50. Nf6 Ng7 51. h5 Nxh5 52. Nxh5 Ke7 53. Nf4 Kd7 54. Kf7 Kd8 55. Nxe6+ Kd7 56. Nc5+ Kc6 57. e6 1-0

[Event "BRA-ch Amateur U1600"]
[Site "Sao Paulo"]
[Date "2019.06.22"]
[Round "6"]
[White "Scardini, Leonardo"]
[Black "Ferreira, Wagner Maria Gangin"]
[Result "0-1"]
[WhiteElo "1268"]
[BlackElo "1193"]
[PlyCount "92"]
[EventDate "2019.06.20"]
[EventType "swiss"]
[EventRounds "7"]
[EventCountry "BRA"]
[SourceTitle "CBM 195 Extra"]
[Source "ChessBase"]
[SourceDate "2020.05.31"]
[SourceVersion "1"]
[SourceVersionDate "2020.05.31"]
[SourceQuality "1"]

1. d4 Nf6 2. c4 e6 3. Nc3 c6 4. Nf3 d5 5. e3 Nbd7 6. Bd3 Be7 7. 0-0 0-0 8. Qc2 c5 9. cxd5 exd5 10. dxc5 Nxc5 11. Be2 Nce4 12. h3 Bf5 13. Bd3 Rc8 14. Bd2 g6 15. Rac1 Bd6 16. Qd1 Nxc3 17. Bxc3 Ne4 18. Nd4 Nxc3 19. bxc3 Bxd3 20. Qxd3 Be5 21. Rfd1 Qf6 22. Qb5 Bxd4 23. cxd4 Rc6 24. Qxd5 Rfc8 25. Rxc6 Rxc6 26. Qe4 Rb6 27. d5 Rb2 28. f3 Qd6 29. f4 Rxa2 30. Qe8+ Kg7 31. Qe5+ Qxe5 32. fxe5 Kf8 33. Kf1 b5 34. g3 b4 35. Rb1 a5 36. Ke1 Ke7 37. Kd1 h5 38. h4 Rg2 39. d6+ Kd7 40. Rc1 Rg1+ 41. Kd2 Rxc1 42. Kxc1 f6 43. Kc2 fxe5 44. Kb3 Kxd6 45. e4 Kc5 46. Kb2 Kd4 0-1

[Event "BRA-ch Amateur U1600"]
[Site "Sao Paulo"]
[Date "2019.06.20"]
[Round "2"]
[White "Scardini, Leonardo"]
[Black "De Avelar, Flavio Henrique"]
[Result "1/2-1/2"]
[WhiteElo "1268"]
[BlackElo "1593"]
[PlyCount "137"]
[EventDate "2019.06.20"]
[EventType "swiss"]
[EventRounds "7"]
[EventCountry "BRA"]
[SourceTitle "CBM 195 Extra"]
[Source "ChessBase"]
[SourceDate "2020.05.31"]
[SourceVersion "1"]
[SourceVersionDate "2020.05.31"]
[SourceQuality "1"]

1. d4 d5 2. c4 c6 3. Nc3 Nf6 4. e3 Bf5 5. Nf3 e6 6. Bd3 Ne4 7. Qc2 Bb4 8. 0-0 Bxc3 9. bxc3 Nd7 10. cxd5 cxd5 11. Qb3 Nec5 12. dxc5 Bxd3 13. Re1 Nxc5 14. Qb4 b6 15. Ba3 0-0 16. Rad1 Qc7 17. Qd4 Be4 18. Ne5 f6 19. Nf3 Bxf3 20. gxf3 Rad8 21. Qg4 f5 22. Qg3 Qb7 23. Bb2 Rf6 24. Kh1 Rg6 25. Qf4 Qa6 26. a3 Nd3 27. Qh4 Re8 28. Re2 Nxb2 29. Rxb2 Qxa3 30. Qb4 Qxb4 31. Rxb4 Rf6 32. f4 Rc8 33. Rc1 Rf7 34. Rb2 Rfc7 35. Rbc2 b5 36. Ra1 b4 37. Kg1 bxc3 38. Kf1 Kf7 39. Ke1 Kf6 40. Ke2 g5 41. fxg5+ Kxg5 42. f4+ Kf6 43. h4 e5 44. fxe5+ Kxe5 45. Kd3 h6 46. Ra6 Rh7 47. h5 Rc5 48. Rxc3 Rxc3+ 49. Kxc3 Ke4 50. Kd2 d4 51. Ra4 Rd7 52. Ke2 f4 53. exd4 Rxd4 54. Rxa7 f3+ 55. Ke1 Rd3 56. Re7+ Kf4 57. Kf2 Rb3 58. Rf7+ Kg4 59. Rf6 Rb2+ 60. Kf1 Kg3 61. Rg6+ Kh4 62. Rxh6 Rb5 63. Kf2 Rf5 64. Rh8 Kg5 65. h6 Kg6 66. h7 Kg7 67. Rg8+ Kxh7 68. Rg3 Kh6 69. Rxf3 1/2-1/2

[Event "Concordia op 5th"]
[Site "Concordia"]
[Date "2019.05.02"]
[Round "3"]
[White "Espindola, Carlos Marcelo"]
[Black "Scardini, Leonardo"]
[Result "1-0"]
[WhiteElo "1453"]
[BlackElo "1281"]
[PlyCount "59"]
[EventDate "2019.05.01"]
[EventType "swiss"]
[EventRounds "9"]
[EventCountry "BRA"]
[SourceTitle "CBM 190 Extra"]
[Source "ChessBase"]
[SourceDate "2019.07.15"]
[SourceVersion "1"]
[SourceVersionDate "2019.07.15"]
[SourceQuality "1"]

1. Nf3 d5 2. g3 b6 3. Bg2 Bb7 4. 0-0 Nf6 5. c4 c6 6. cxd5 cxd5 7. Ne5 Nc6 8. Qa4 Qc7 9. d4 e6 10. Nc3 a6 11. Bg5 Be7 12. e4 b5 13. Qb3 Nxd4 14. Qd1 Qxe5 15. Bf4 Qh5 16. Qxd4 dxe4 17. Qb6 Bd5 18. Nxd5 exd5 19. Qc6+ Nd7 20. Qxa8+ Bd8 21. Bd6 f6 22. Rfd1 Kf7 23. Qxd5+ Qxd5 24. Rxd5 Re8 25. Rc1 Nb6 26. Rd4 f5 27. Bc7 Bxc7 28. Rxc7+ Re7 29. Rxe7+ Kxe7 30. f3 1-0

[Event "Florianopolis op 5th"]
[Site "Florianopolis"]
[Date "2019.01.26"]
[Round "8"]
[White "Ramirez Brizuela, Juan Bartolome"]
[Black "Scardini, Leonardo"]
[Result "1-0"]
[WhiteElo "1582"]
[BlackElo "1294"]
[PlyCount "87"]
[EventDate "2019.01.21"]
[EventType "swiss"]
[EventRounds "10"]
[EventCountry "BRA"]
[SourceTitle "CBM 188 Extra"]
[Source "ChessBase"]
[SourceDate "2019.02.26"]
[SourceVersion "1"]
[SourceVersionDate "2019.02.26"]
[SourceQuality "1"]

1. g3 Nf6 2. Bg2 d5 3. Nf3 c5 4. 0-0 Nc6 5. d3 e5 6. Nbd2 Bd6 7. e4 d4 8. Nc4 b5 9. Nxd6+ Qxd6 10. Nh4 g6 11. Bd2 h6 12. Qe2 Ba6 13. b3 c4 14. bxc4 bxc4 15. f4 cxd3 16. cxd3 Rc8 17. Bh3 Rb8 18. Rab1 0-0 19. Rfc1 Rxb1 20. Rxb1 Qa3 21. Bf1 Qxa2 22. Qe1 Bc8 23. Ra1 Qb2 24. Rb1 Qa2 25. Qc1 Ng4 26. Ra1 Qe6 27. f5 gxf5 28. Nxf5 Kh7 29. h3 Ne3 30. Bxe3 dxe3 31. Qxe3 Rg8 32. Kh2 Qg6 33. g4 h5 34. Be2 Nd4 35. Ne7 Nc2 36. Qd2 Qe6 37. Nxg8 Nxa1 38. Qg5 Qg6 39. Nf6+ Kg7 40. Nxh5+ Kh7 41. Qxe5 Nb3 42. Nf6+ Kh6 43. h4 a5 44. g5+ 1-0

[Event "Florianopolis op 5th"]
[Site "Florianopolis"]
[Date "2019.01.25"]
[Round "7"]
[White "Scardini, Leonardo"]
[Black "Rosa, Miguel Redon"]
[Result "1-0"]
[WhiteElo "1294"]
[BlackElo "1687"]
[PlyCount "30"]
[EventDate "2019.01.21"]
[EventType "swiss"]
[EventRounds "10"]
[EventCountry "BRA"]
[SourceTitle "EXT 2020"]
[Source "ChessBase"]
[SourceDate "2019.10.17"]
[SourceVersion "1"]
[SourceVersionDate "2019.10.17"]
[SourceQuality "1"]

1. d4 Nf6 2. c4 g6 3. Nc3 Bg7 4. e4 0-0 5. Be2 Nc6 6. Nf3 b6 7. 0-0 Bb7 8. Be3 Ng4 9. Bf4 e6 10. Bd2 d6 11. Rc1 e5 12. dxe5 dxe5 13. Bg5 Qxd1 14. Nxd1 Rad8 15. Nc3 Nd4 1-0

[Event "Florianopolis op 5th"]
[Site "Florianopolis"]
[Date "2019.01.21"]
[Round "1"]
[White "Scardini, Leonardo"]
[Black "Moro, Antonio Renato Pere"]
[Result "0-1"]
[WhiteElo "1294"]
[BlackElo "1923"]
[PlyCount "28"]
[EventDate "2019.01.21"]
[EventType "swiss"]
[EventRounds "10"]
[EventCountry "BRA"]
[SourceTitle "CBM 188 Extra"]
[Source "ChessBase"]
[SourceDate "2019.02.26"]
[SourceVersion "1"]
[SourceVersionDate "2019.02.26"]
[SourceQuality "1"]

1. d4 Nf6 2. c4 g6 3. Nc3 d5 4. cxd5 Nxd5 5. e4 Nxc3 6. bxc3 Bg7 7. Bc4 c5 8. Be3 Qa5 9. Ne2 Nc6 10. 0-0 0-0 11. Qc2 cxd4 12. cxd4 Bd7 13. Rac1 Rac8 14. Qb3 Qd8 0-1

[Event "Caioba Telecom op"]
[Site "Caioba"]
[Date "2018.08.04"]
[Round "8"]
[White "Scardini, Leonardo"]
[Black "Dutra, Liliam Guedes"]
[Result "1-0"]
[WhiteElo "1309"]
[BlackElo "1518"]
[PlyCount "118"]
[EventDate "2018.08.01"]
[EventType "swiss"]
[EventRounds "9"]
[EventCountry "BRA"]
[SourceTitle "CBM 186 Extra"]
[Source "ChessBase"]
[SourceDate "2018.08.24"]
[SourceVersion "1"]
[SourceVersionDate "2018.08.24"]
[SourceQuality "1"]

1. d4 Nf6 2. c4 e6 3. Nc3 d5 4. Nf3 Be7 5. e3 0-0 6. Qc2 c5 7. cxd5 exd5 8. dxc5 Qa5 9. h3 Qxc5 10. Bd3 h6 11. 0-0 Nc6 12. Ne2 Qd6 13. a3 Be6 14. b4 Rac8 15. Qd2 a6 16. Bb2 Rfd8 17. Rac1 Ne4 18. Bxe4 dxe4 19. Qxd6 Rxd6 20. Nfd4 Nxd4 21. Nxd4 Bc4 22. Nf5 Rd7 23. Bxg7 Kh7 24. Bb2 Bf8 25. Rcd1 Rxd1 26. Rxd1 Bd3 27. Rd2 Kg6 28. g4 h5 29. Kg2 hxg4 30. hxg4 Rc6 31. Kg3 Kg5 32. f4+ Kg6 33. Rh2 Rc2 34. Nh4+ Kh7 35. Nf5+ Rxh2 36. Kxh2 b6 37. Bc3 a5 38. Kg3 axb4 39. Bxb4 Bxb4 40. axb4 Kg6 41. Kh4 b5 42. Nd6 Kf6 43. Kh5 Ke6 44. Nf5 Kd5 45. g5 Be2+ 46. Kh6 Bg4 47. Nd4 Kc4 48. Kg7 Kxb4 49. Kxf7 Kc4 50. g6 Bh5 51. Kf6 Bxg6 52. Kxg6 b4 53. Kf6 Kd3 54. f5 Kxe3 55. Ke5 Kd3 56. f6 e3 57. f7 e2 58. Nxe2 Kxe2 59. f8Q b3 1-0

[Event "Caioba Telecom op"]
[Site "Caioba"]
[Date "2018.08.03"]
[Round "6"]
[White "Fanckin, Murilo"]
[Black "Scardini, Leonardo"]
[Result "0-1"]
[WhiteElo "1649"]
[BlackElo "1309"]
[PlyCount "80"]
[EventDate "2018.08.01"]
[EventType "swiss"]
[EventRounds "9"]
[EventCountry "BRA"]
[SourceTitle "CBM 186 Extra"]
[Source "ChessBase"]
[SourceDate "2018.08.24"]
[SourceVersion "1"]
[SourceVersionDate "2018.08.24"]
[SourceQuality "1"]

1. d4 d5 2. Bg5 Nd7 3. e3 Ngf6 4. c3 e6 5. Nf3 a6 6. Bd3 Be7 7. 0-0 0-0 8. Ne5 c5 9. Nd2 Qc7 10. f4 h6 11. Bh4 b5 12. Ndf3 Qd6 13. Nxd7 Bxd7 14. Ne5 c4 15. Bc2 Ne4 16. Bxe7 Qxe7 17. Rf3 Be8 18. Bxe4 dxe4 19. Rg3 f6 20. Ng6 Bxg6 21. Rxg6 Kh7 22. Qg4 f5 23. Qg3 Rf6 24. Rxg7+ Qxg7 25. Qxg7+ Kxg7 26. Rf1 a5 27. Re1 b4 28. cxb4 axb4 29. Ra1 Rf7 30. Kh1 c3 31. bxc3 bxc3 32. Rc1 Rc7 33. Kg1 c2 34. h3 Rb8 35. a4 Rb1 36. Rxb1 cxb1Q+ 37. Kh2 Qe1 38. a5 Qf2 39. a6 Rc2 40. a7 Qxg2# 0-1

[Event "Caioba Telecom op"]
[Site "Caioba"]
[Date "2018.08.02"]
[Round "3"]
[White "Lage, Pedro Ferreira"]
[Black "Scardini, Leonardo"]
[Result "1-0"]
[WhiteElo "1921"]
[BlackElo "1309"]
[PlyCount "66"]
[EventDate "2018.08.01"]
[EventType "swiss"]
[EventRounds "9"]
[EventCountry "BRA"]
[SourceTitle "CBM 186 Extra"]
[Source "ChessBase"]
[SourceDate "2018.08.24"]
[SourceVersion "1"]
[SourceVersionDate "2018.08.24"]
[SourceQuality "1"]

1. Nf3 d5 2. c4 e6 3. e3 Nf6 4. b3 a6 5. Bb2 c6 6. Be2 Be7 7. 0-0 0-0 8. d4 Ne4 9. Nbd2 Nxd2 10. Qxd2 Nd7 11. Bd3 Qc7 12. e4 dxe4 13. Bxe4 Nf6 14. Bd3 b5 15. Qc2 bxc4 16. bxc4 h6 17. Ne5 Bb7 18. f4 Rac8 19. f5 Qd6 20. fxe6 Qxe6 21. Bf5 Qd6 22. Bxc8 Bxc8 23. Rae1 c5 24. d5 Re8 25. Qf2 Rf8 26. Qf4 Qb6 27. Bc3 Bd6 28. Qh4 Bxe5 29. Bxe5 Re8 30. Bxf6 Rxe1 31. Rxe1 Qxf6 32. Re8+ Kh7 33. Qxf6 gxf6 1-0

[Event "Caioba Telecom op"]
[Site "Caioba"]
[Date "2018.08.02"]
[Round "4"]
[White "Scardini, Leonardo"]
[Black "Kim, Thiago"]
[Result "0-1"]
[WhiteElo "1309"]
[BlackElo "1421"]
[PlyCount "84"]
[EventDate "2018.08.01"]
[EventType "swiss"]
[EventRounds "9"]
[EventCountry "BRA"]
[SourceTitle "CBM 186 Extra"]
[Source "ChessBase"]
[SourceDate "2018.08.24"]
[SourceVersion "1"]
[SourceVersionDate "2018.08.24"]
[SourceQuality "1"]

1. d4 Nf6 2. c4 e6 3. Nc3 Bb4 4. Qc2 b6 5. Nf3 Bb7 6. a3 Be7 7. e3 0-0 8. Be2 d6 9. 0-0 Nbd7 10. b4 c5 11. b5 cxd4 12. Nxd4 Nc5 13. Bf3 Bxf3 14. Nxf3 Nfd7 15. Bb2 Rc8 16. Rac1 Nb7 17. Ne2 Na5 18. Nd2 Bf6 19. Qb1 Bxb2 20. Qxb2 Ne5 21. Rfd1 Nd3 22. Qb1 Nxc1 23. Rxc1 d5 24. cxd5 Qxd5 25. Qb2 Rxc1+ 26. Qxc1 Rd8 27. Nd4 Qd7 28. N2f3 Nb3 29. Qd1 Nxd4 30. Qxd4 Qxd4 31. exd4 Rc8 32. Kf1 Rc3 33. a4 Ra3 34. Ne5 Rxa4 35. Nc6 Ra1+ 36. Ke2 a6 37. bxa6 Rxa6 38. Nb4 Ra4 39. Nc6 b5 40. Kd3 b4 41. Kc4 Ra2 42. Nxb4 Rxf2 0-1

[Event "Caioba Telecom op"]
[Site "Caioba"]
[Date "2018.08.01"]
[Round "2"]
[White "Scardini, Leonardo"]
[Black "Barreto, Marcelo Ferreira"]
[Result "1-0"]
[WhiteElo "1309"]
[BlackElo "1614"]
[PlyCount "147"]
[EventDate "2018.08.01"]
[EventType "swiss"]
[EventRounds "9"]
[EventCountry "BRA"]
[SourceTitle "CBM 186 Extra"]
[Source "ChessBase"]
[SourceDate "2018.08.24"]
[SourceVersion "1"]
[SourceVersionDate "2018.08.24"]
[SourceQuality "1"]

1. d4 Nf6 2. c4 e6 3. Nc3 Bb4 4. Qc2 d5 5. e3 Ne4 6. a3 Bxc3+ 7. bxc3 f5 8. Nf3 c5 9. Bd3 0-0 10. 0-0 b6 11. Bb2 Bb7 12. Rab1 Nd7 13. Nd2 Rc8 14. f3 Nxd2 15. Qxd2 cxd4 16. cxd4 dxc4 17. Be2 Nf6 18. Rfc1 Ba6 19. Rc2 Nd5 20. Bc3 Qe7 21. Bb4 Nxb4 22. Qxb4 Qxb4 23. Rxb4 b5 24. a4 Rb8 25. axb5 Bxb5 26. Bxc4 Bxc4 27. Rbxc4 Rb7 28. Rc7 Rfb8 29. Rxb7 Rxb7 30. Kf2 Kf7 31. Ke2 Ke7 32. Kd3 Rb3+ 33. Kd2 Kd6 34. Ra2 Rb7 35. e4 g6 36. Ra6+ Ke7 37. Kc3 Rc7+ 38. Kb4 h5 39. h4 f4 40. d5 exd5 41. exd5 Kd7 42. Rxg6 a5+ 43. Ka4 Rc4+ 44. Kb3 Rc5 45. Rg5 Kd6 46. Rxh5 Rxd5 47. Rxd5+ Kxd5 48. Ka4 Ke5 49. Kxa5 Kf5 50. Kb5 Kg6 51. Kc5 Kh5 52. Kd5 Kxh4 53. Ke5 Kg5 54. Ke4 Kg6 55. Kxf4 Kf6 56. g3 Kg6 57. Ke5 Kf7 58. Kf5 Kg7 59. f4 Kf7 60. g4 Kg7 61. Ke6 Kf8 62. f5 Ke8 63. g5 Kf8 64. Kf6 Kg8 65. Ke7 Kh7 66. f6 Kg6 67. f7 Kxg5 68. f8Q Kg4 69. Ke6 Kg5 70. Qf3 Kh4 71. Qg2 Kh5 72. Qg3 Kh6 73. Kf6 Kh7 74. Qg7# 1-0

[Event "Brazil AXPG op 1st"]
[Site "Ponta Grossa"]
[Date "2017.10.28"]
[Round "4"]
[White "Boabaid, Jorge Alberto Duard"]
[Black "Scardini, Leonardo"]
[Result "1-0"]
[WhiteElo "1806"]
[BlackElo "1311"]
[PlyCount "81"]
[EventDate "2017.10.26"]
[EventType "swiss"]
[EventRounds "7"]
[EventCountry "BRA"]
[SourceTitle "CBM 181 Extra"]
[Source "ChessBase"]
[SourceDate "2017.12.12"]
[SourceVersion "1"]
[SourceVersionDate "2017.12.12"]
[SourceQuality "1"]

1. Nf3 Nf6 2. d4 d5 3. c4 e6 4. Nc3 c6 5. Bg5 Nbd7 6. e3 Be7 7. Bd3 0-0 8. 0-0 dxc4 9. Bxc4 Nb6 10. Bd3 h6 11. Bh4 Bd7 12. Rc1 Rc8 13. Bb1 Be8 14. Qc2 g6 15. Ne5 Nfd7 16. Bg3 Bf6 17. Rcd1 Bg7 18. Ne4 Nf6 19. Bh4 Nbd5 20. Qe2 Qc7 21. Bg3 Qe7 22. f4 Nxe4 23. Bxe4 f5 24. Bb1 Bxe5 25. dxe5 c5 26. e4 Nb4 27. Rd6 Nc6 28. exf5 gxf5 29. Bf2 b6 30. Qc4 Bf7 31. Rfd1 Rfd8 32. Qc3 Kh7 33. Qh3 Bg6 34. Bh4 Qe8 35. Bxd8 Rxd8 36. Qh4 Rxd6 37. Rxd6 b5 38. Qf6 Bf7 39. Bxf5+ exf5 40. Rxc6 Qf8 41. e6 1-0

[Event "Brazil AXPG op 1st"]
[Site "Ponta Grossa"]
[Date "2017.10.27"]
[Round "3"]
[White "Scardini, Leonardo"]
[Black "Vieira, Jose Renato Braga S"]
[Result "0-1"]
[WhiteElo "1311"]
[BlackElo "1955"]
[PlyCount "60"]
[EventDate "2017.10.26"]
[EventType "swiss"]
[EventRounds "7"]
[EventCountry "BRA"]
[SourceTitle "CBM 181 Extra"]
[Source "ChessBase"]
[SourceDate "2017.12.12"]
[SourceVersion "1"]
[SourceVersionDate "2017.12.12"]
[SourceQuality "1"]

1. d4 Nf6 2. c4 c5 3. d5 b5 4. cxb5 a6 5. bxa6 Bxa6 6. Nc3 g6 7. g3 Bg7 8. Bg2 d6 9. Nf3 0-0 10. 0-0 Nbd7 11. Re1 Ng4 12. Qc2 Qb6 13. e3 Rfb8 14. Nd2 Nde5 15. Bf1 c4 16. h3 Nd3 17. Bxd3 cxd3 18. Qb3 Qc5 19. Nde4 Qc8 20. Qd1 Ne5 21. Kg2 Nc4 22. Rb1 f5 23. Nd2 Nxb2 24. Bxb2 Bxc3 25. Bxc3 Qxc3 26. Rc1 Qa5 27. e4 Rb2 28. Nc4 Bxc4 29. Rxc4 Qxa2 30. Rf1 Qxc4 0-1

[Event "BRA-ch Amateur U1600"]
[Site "Sao Paulo"]
[Date "2017.10.12"]
[Round "2"]
[White "Scardini, Leonardo"]
[Black "Costa, Leonardo Antonio"]
[Result "0-1"]
[WhiteElo "1311"]
[BlackElo "1570"]
[PlyCount "54"]
[EventDate "2017.10.12"]
[EventType "swiss"]
[EventRounds "7"]
[EventCountry "BRA"]
[SourceTitle "EXT 2022"]
[Source "ChessBase"]
[SourceDate "2021.10.06"]
[SourceVersion "1"]
[SourceVersionDate "2021.10.06"]
[SourceQuality "1"]

1. d4 Nf6 2. c4 e6 3. Nc3 Bb4 4. Qc2 c5 5. e3 Nc6 6. Nf3 d5 7. cxd5 exd5 8. dxc5 Ne4 9. Bd2 Nxd2 10. Qxd2 0-0 11. a3 Qa5 12. Rc1 Bxc5 13. b4 Nxb4 14. axb4 Bxb4 15. Be2 Be6 16. 0-0 Rac8 17. Ra1 Qc5 18. Qc2 Bxc3 19. Rac1 d4 20. exd4 Bxd4 21. Qd2 Bxf2+ 22. Rxf2 Qxc1+ 23. Rf1 Qxd2 24. Nxd2 Rc2 25. Rd1 Rd8 26. Nf3 Rxd1+ 27. Bxd1 Rc1 0-1

[Event "Caioba Telecom op"]
[Site "Caioba"]
[Date "2017.09.29"]
[Round "4"]
[White "Friedrich, Carlos Ernesto Gall"]
[Black "Scardini, Leonardo"]
[Result "1-0"]
[WhiteElo "1656"]
[BlackElo "1311"]
[PlyCount "41"]
[EventDate "2017.09.28"]
[EventType "swiss"]
[EventRounds "8"]
[EventCountry "BRA"]
[SourceTitle "EXT 2018"]
[Source "ChessBase"]
[SourceDate "2017.10.13"]
[SourceVersion "1"]
[SourceVersionDate "2017.10.13"]
[SourceQuality "1"]

1. e4 e5 2. Nf3 Nc6 3. Bc4 Bc5 4. d3 Nf6 5. Bg5 d6 6. h3 0-0 7. 0-0 a6 8. Nbd2 Re8 9. c3 Na5 10. Qe2 Nxc4 11. Nxc4 Ba7 12. b4 c5 13. bxc5 Bxc5 14. a4 h6 15. Be3 Bxe3 16. fxe3 Qc7 17. a5 Be6 18. Nb6 Rad8 19. c4 Nd7 20. Nd5 Nc5 21. Nxc7 1-0

[Event "Santarem Alter do Chao op"]
[Site "Santarem"]
[Date "2017.08.11"]
[Round "2"]
[White "Assuncao, Darlane Brito"]
[Black "Scardini, Leonardo"]
[Result "1-0"]
[WhiteElo "1794"]
[BlackElo "1324"]
[PlyCount "89"]
[EventDate "2017.08.11"]
[EventType "swiss"]
[EventRounds "6"]
[EventCountry "BRA"]
[SourceTitle "CBM 180 Extra"]
[Source "ChessBase"]
[SourceDate "2017.10.06"]
[SourceVersion "1"]
[SourceVersionDate "2017.10.06"]
[SourceQuality "1"]

1. d4 d5 2. Nf3 Nf6 3. Bf4 e6 4. e3 Bd6 5. Bg3 0-0 6. Bd3 c5 7. c3 b6 8. Nbd2 Ba6 9. Bxa6 Nxa6 10. Qe2 Nc7 11. Ne5 Nce8 12. 0-0 Rc8 13. Bh4 cxd4 14. exd4 Qc7 15. f4 Be7 16. f5 Nd6 17. fxe6 fxe6 18. Bxf6 Bxf6 19. Qg4 Qe7 20. Rae1 Rfe8 21. Rf3 Nf7 22. Nxf7 Qxf7 23. Ref1 Kh8 24. h4 Qe7 25. h5 h6 26. Rf4 Rf8 27. Nf3 Kg8 28. Qg6 Qf7 29. Qxf7+ Rxf7 30. Ne5 Rff8 31. Nd7 Rf7 32. Nxf6+ Rxf6 33. Rxf6 gxf6 34. Rxf6 Re8 35. Rxh6 Kg7 36. Rg6+ Kh7 37. Kf2 e5 38. dxe5 Rxe5 39. g4 b5 40. Rf6 Kg7 41. Rf5 Re4 42. Kf3 Re6 43. Rxd5 a6 44. Rg5+ Kf6 45. Rg6+ 1-0